| 000 | 00790nab a2200241 u 4500 | ||
|---|---|---|---|
| 001 | 15018 | ||
| 003 | HDC | ||
| 007 | cr bn ---aaaaa | ||
| 008 | 210217c xx dr|noo 0 a eng d | ||
| 040 | _aHDC | ||
| 245 | 0 | _aTaiwan eyes Malaysian tourism market | |
| 260 |
_a[No place] : _b[publisher not identified], _c[no date] |
||
| 336 |
_atext _2rdacontent |
||
| 337 |
_acomputer _2rdamedia |
||
| 338 |
_aonline resource _2rdacarrier |
||
| 650 |
_aMuslims _9247 |
||
| 650 |
_aTourism _zTaiwan _zMalaysia _915353 |
||
| 710 | _aTravel and Tour World | ||
| 856 | _zRequest full-text at [email protected] | ||
| 942 | _2lcc | ||
| 942 | _cNEWS | ||
| 942 | _kNWSO 004181 | ||
| 999 |
_c12334 _d12334 |
||